000 00924nam a22002537a 4500
005 20120105154613.0
008 120105t xxu||||| |||| 00| 0 eng d
010 _aENG-104612
020 _a9789350180099
_c199.00
020 _a935018009x
_c199.00
035 _aEN-88145
037 _bDBAD/PUB
040 _aDPL
_bEng
082 _a201.723
100 _aInayat-Khan, Hidayat
_938337
245 _aSpiritual liberty /
_cby Hidayat Inayat-Khan
260 _aNew Delhi
_bReadworthy Publications
_c2011
270 _a4735/22, Prakash Deep Building. Ground Floor, Ansari Road, Darya Ganj
_bNew Delhi
_e110002
300 _axi,180p.
_c22cm(pbk)
650 _aFreedom of religion
_938391
650 _aSufism
_938392
942 _2ddc
_cEN
_h201.723
_mINA
999 _c60387
_d60387